| 000 | 00490 a2200193 4500 | ||
|---|---|---|---|
| 005 | 20260213164305.0 | ||
| 008 | 260213b |||||||| |||| 00| 0 eng d | ||
| 020 |
_a9789394384712 _cRs. 1850.00 |
||
| 040 | _aMAIN | ||
| 082 |
_a355.33 _bV72A |
||
| 100 | _aRahi, Vimal | ||
| 245 | _aArt of leadership in Indian army | ||
| 260 |
_bSaddle Publishers _c2023 _aDelhi |
||
| 300 | _aviii, 256 | ||
| 650 | _aMilitary Science | ||
| 650 | _aIndian Army | ||
| 650 | _aLeadership | ||
| 942 | _cBK | ||
| 999 |
_c395452 _d395452 |
||